Giants Steps

Bibliographic Details
Main Author: Robbins Anthony
Format: Book
Published: New York : Fireside Rockefeller Center , 1994

MARC

LEADER 00000cam a2200000 7i4500
001 0000057076
005 20151216.0
008 151216
020 |a 0671891049 
090 0 0 |a 158.1   |b ROB 
100 1 |a Robbins Anthony 
245 1 0 |a Giants Steps   |c Robbins Anthony 
260 |a New York :   |b Fireside Rockefeller Center ,   |c 1994 
999 |a 0000001249   |b Book   |c Adult Collection   |e Cawangan Bandar Penawar